All Cities in Spain with a Population Over 50,000 - Statistics

General Stats
  • This quiz has been taken 41 times
  • The average score is 60 of 153
Answer Stats
Rank Autonomous Community Population City % Correct
2 Catalunya 1,686,000 Barcelona
97%
1 ______ 3,422,000 Madrid
97%
5 Andalucía 687,000 Sevilla
92%
3 Comunitat ________na 824,000 València
92%
8 Illes Balears 438,000 Palma de Mallorca
87%
4 Aragón 691,000 Zaragoza
87%
11 Euskadi 347,000 Bilbao
85%
20 Andalucía 234,000 Granada
85%
6 Andalucía 592,000 Málaga
85%
58 Andalucía 111,000 Cádiz
79%
29 Nafarroa 208,000 Iruña (Pamplona)
79%
7 ______ 472,000 Murcia
79%
35 Euskadi 188,000 Donostia (San Sebastián)
74%
9 Islas Canarias 384,000 Las Palmas de Gran Canaria
74%
40 Cantabria 174,000 Santander
74%
14 Galicia 296,000 Vigo
74%
18 Galicia 249,000 A Coruña
72%
10 Comunitat ________na 359,000 Alacant (Alicante)
72%
12 Andalucía 325,000 Córdoba
72%
54 Catalunya 123,000 Llión (León)
72%
73 ______ 95,000 San Sebastián de los Reyes
72%
85 Castilla-La Mancha 86,000 Toledo
72%
26 Andalucía 215,000 Jerez de la Frontera
69%
66 Galicia 99,000 Santiago de Compostela
69%
30 Andalucía 202,000 Almería
64%
19 Comunitat ________na 242,000 Elx (Elche)
64%
61 Catalunya 106,000 Girona
64%
25 ______ 219,000 Cartagena
62%
15 Catalunya 282,000 L'Hospitalet de Llobregat
62%
24 Asturies 220,000 Oviedo
62%
13 Castiella y _____ 300,000 Valladolid
62%
143 Illes Balears 53,000 Eivissa (Ibiza)
59%
16 Asturies 270,000 Gijón
59%
49 Catalunya 141,000 Tarragona
56%
43 Estremaúra 151,000 Badajoz
54%
37 Castiella y _____ 177,000 Burgos
54%
36 Comunitat ________na 180,000 Castelló de la Plana
54%
42 Andalucía 159,000 Marbella
54%
46 Castiella y _____ 144,000 Salamanca
54%
28 Islas Canarias 210,000 Santa Cruz de Tenerife
54%
33 ______ 192,000 Getafe
51%
47 Andalucía 144,000 Huelva
51%
45 Catalunya 145,000 Lleida
51%
22 Catalunya 226,000 Badalona
49%
107 Comunitat ________na 75,000 Benidorm
49%
50 Andalucía 140,000 Dos Hermanas
49%
67 Galicia 99,000 Lugo
49%
17 Euskadi 257,000 Vitoria-Gasteiz
49%
71 Estremaúra 96,000 Cáceres
46%
92 _____ 83,000 Ceuta
46%
77 Castilla-La Mancha 91,000 Guadalajara
46%
57 Andalucía 112,000 Jaén
46%
86 _______ 86,000 Melilla
46%
128 Estremaúra 60,000 Mérida
46%
62 Galicia 104,000 Ourense
44%
21 Catalunya 228,000 Terrassa
44%
139 Aragón 55,000 Uesca (Huesca)
44%
39 Castilla-La Mancha 174,000 Albacete
41%
44 La Rioja 151,000 Logroño
41%
103 Castiella y _____ 77,000 Palencia
41%
152 Castiella y _____ 51,000 Segovia
41%
101 Andalucía 77,000 Alcalá de Guadaíra
38%
31 ______ 200,000 Alcalá de Henares
38%
132 Castiella y _____ 59,000 Ávila
38%
105 Castilla-La Mancha 76,000 Ciudad Real
38%
59 Catalunya 110,000 Reus
38%
23 Catalunya 222,000 Sabadell
38%
38 ______ 175,000 Alcorcón
36%
142 Castilla-La Mancha 54,000 Cuenca
36%
144 Castilla-La Mancha 53,000 Cuenca
36%
27 ______ 213,000 Móstoles
36%
130 Castiella y _____ 60,000 Zamora
36%
55 ______ 121,000 Alcobendas
33%
34 ______ 190,000 Fuenlabrada
33%
32 ______ 194,000 Leganés
33%
52 Catalunya 131,000 Mataró
33%
93 Galicia 83,000 Pontevedra
33%
111 Andalucía 71,000 Torremolinos
33%
53 Andalucía 125,000 Algeciras
31%
104 Euskadi 76,000 Getxo (Guecho)
31%
56 Catalunya 121,000 Santa Coloma de Gramenet
31%
146 Comunitat ________na 53,000 Vila-real (Villarreal)
31%
64 Euskadi 102,000 Barakaldo
28%
100 Andalucía 78,000 Benalmádena
28%
96 Comunitat ________na 80,000 Gandia
28%
123 Euskadi 63,000 Irun
28%
120 Andalucía 65,000 La Línea de la Concepción
28%
97 Catalunya 80,000 Manresa
28%
129 Andalucía 60,000 Motril
28%
48 ______ 141,000 Torrejón de Ardoz
28%
115 Islas Canarias 68,000 Arrecife
26%
106 Asturies 76,000 Avilés
26%
118 Catalunya 66,000 El Prat de Llobregat
26%
122 Catalunya 64,000 Granoller
26%
94 Catalunya 82,000 Rubí
26%
41 Islas Canarias 161,000 San Cristóbal de la Laguna
26%
89 Catalunya 85,000 Sant Boi de Llobregat
26%
88 Castilla-La Mancha 85,000 Talavera de la Reina
26%
151 Cantabria 51,000 Torlavega (Torrelavega)
26%
81 Comunitat ________na 89,000 Torrent (Torrente)
26%
72 Comunitat ________na 96,000 Torrevieja
26%
126 Comunitat ________na 60,000 Alcoi (Alcoy)
23%
114 Catalunya 69,000 Castelldefels
23%
133 Catalunya 58,000 Cerdanyola del Vallès
23%
95 ______ 81,000 Coslada
23%
80 Andalucía 89,000 El Ejido
23%
78 Andalucía 90,000 El Puerto de Santa María
23%
98 Andalucía 79,000 Estepona
23%
121 Galicia 64,000 Ferrol
23%
87 Andalucía 86,000 Fuengirola
23%
137 Andalucía 55,000 Linares
23%
70 ______ 98,000 Lorca
23%
51 ______ 135,000 Parla
23%
108 Comunitat ________na 75,000 Paterna
23%
124 Castiella y _____ 63,000 Ponferrada
23%
60 Andalucía 108,000 Roquetas de Mar
23%
148 Andalucía 52,000 Utrera
23%
84 Andalucía 87,000 Vélez-Málaga
23%
79 Andalucía 90,000 Chiclana de la Frontera
21%
76 Catalunya 91,000 Cornellà de Llobregat
21%
136 ______ 56,000 Pinto
21%
110 Comunitat ________na 72,000 Sagunt (Sagunto)
21%
69 Catalunya 99,000 Sant Cugat del Vallès
21%
63 Islas Canarias 104,000 Telde
21%
153 Islas Canarias 51,000 Adeje
18%
131 ______ 59,000 Arganda del Rey
18%
68 ______ 99,000 Las Rozas de Madrid
18%
109 ______ 74,000 Majadahonda
18%
91 Comunitat ________na 83,000 Oriola (Orihuela)
18%
82 ______ 89,000 Pozuelo de Alarcón
18%
150 Andalucía 52,000 Rincón de la Victoria
18%
74 Andalucía 94,000 San Fernando
18%
113 Andalucía 70,000 Sanlúcar de Barrameda
18%
90 ______ 84,000 Valdemoro
18%
112 Catalunya 70,000 Vilanova i la Geltrú
18%
140 Comunitat ________na 54,000 Elda
15%
149 Catalunya 52,000 Mollet del Vallès
15%
65 ______ 102,000 Rivas-Vaciamadrid
15%
125 ______ 63,000 Aranjuez
13%
119 ______ 66,000 Boadilla del Monte
13%
141 Illes Balears 54,000 Calvià
13%
116 ______ 67,000 Collado Villalba
13%
75 Andalucía 92,000 Mijas
13%
102 ______ 77,000 Molina de Segura
13%
138 Islas Canarias 55,000 San Bartolomé de Tirajana
13%
147 Asturies 53,000 Siero
13%
117 Catalunya 67,000 Viladecans
13%
83 Islas Canarias 88,000 Arona
10%
135 ______ 57,000 Colmenar Viejo
10%
99 Islas Canarias 78,000 Santa Lucía de Tirajana
10%
145 ______ 53,000 Tres Cantos
10%
134 Islas Canarias 58,000 Granadilla de Abona
8%
127 Comunitat ________na 60,000 San Vicente del Raspeig
5%
No matching quizzes found
Score Distribution
Percent of People with Each Score
Percentile by Number Answered
Your Score History
You have not taken this quiz